| 000 | 00323nam a2200109 4500 | ||
|---|---|---|---|
| 999 |
_c12911 _d12911 |
||
| 008 | 190206b ||||| |||| 00| 0 eng d | ||
| 245 | _aEducating for the creative workplace of the future. | ||
| 260 |
_aPhilippines _bPhilippine Daily Inquirer _cc2017 |
||
| 300 | _apage B2. | ||
| 650 | 0 |
_936552 _aTechnology. |
|
| 942 |
_2ddc _cPER |
||